[Event "Roncana op 11th"]
[Site "Santa Eulalia de Roncana"]
[Date "2017.09.23"]
[Round "1"]
[White "Pares Peris, Jordi"]
[Black "Pueyo Amoros, Pau"]
[Result "1-0"]
[WhiteElo "2128"]
[BlackElo "1711"]
[PlyCount "57"]
[EventDate "2017.09.23"]
[EventType "swiss"]
[EventRounds "8"]
[EventCountry "ESP"]
[SourceTitle "CBM 187 Extra"]
[Source "ChessBase"]
[SourceDate "2018.11.04"]
[SourceVersion "1"]
[SourceVersionDate "2018.11.04"]
[SourceQuality "1"]

1. Nf3 Nf6 2. c4 e6 3. Nc3 c5 4. e3 Nc6 5. d4 d5 6. a3 Be7 7. dxc5 Bxc5 8. b4 Be7 9. Bb2 0-0 10. cxd5 exd5 11. Be2 Bf5 12. 0-0 a6 13. Nd4 Nxd4 14. Qxd4 Qd7 15. Rfd1 Rfd8 16. h3 Be6 17. Rac1 Rac8 18. Bf1 Ne8 19. Qf4 Rc6 20. b5 Rd6 21. a4 a5 22. Ne2 Bf6 23. Ba3 Bxh3 24. gxh3 Re6 25. Bg2 Be5 26. Qf5 Nc7 27. Nf4 Bxf4 28. Qxf4 Rg6 29. Qxc7 1-0

[Event "Llinars del Valles op 11th"]
[Site "Llinars del Valles"]
[Date "2017.06.03"]
[Round "7"]
[White "Pueyo Amoros, Pau"]
[Black "Ritter Aguilar, Jordi"]
[Result "1-0"]
[WhiteElo "1722"]
[BlackElo "1856"]
[PlyCount "57"]
[EventDate "2017.04.22"]
[EventType "swiss"]
[EventRounds "9"]
[EventCountry "CAT"]
[SourceTitle "EXT 2018"]
[Source "ChessBase"]
[SourceDate "2017.10.13"]
[SourceVersion "1"]
[SourceVersionDate "2017.10.13"]
[SourceQuality "1"]

1. d4 e6 2. e4 d5 3. Nc3 f5 4. exf5 exf5 5. Nf3 Nf6 6. Bd3 Bb4 7. 0-0 0-0 8. Bf4 c6 9. Ne2 Ne4 10. Ne5 g5 11. Bc1 Bd6 12. f3 Bxe5 13. dxe5 Qb6+ 14. Kh1 Nf2+ 15. Rxf2 Qxf2 16. Bxg5 c5 17. c4 Nc6 18. f4 Be6 19. Qc2 Nb4 20. Qb3 b6 21. Ng3 Qd4 22. Bf1 dxc4 23. Qf3 Nd3 24. Bxd3 cxd3 25. Bf6 Qd7 26. Nh5 Qf7 27. Ng7 Rfe8 28. Nxe6 Rac8 29. Ng7 1-0

[Event "ESP-ch U12"]
[Site "Granada"]
[Date "2016.07.06"]
[Round "5"]
[White "Pueyo Amoros, Pau"]
[Black "Cubells Vazquez, Pablo"]
[Result "0-1"]
[WhiteElo "1559"]
[BlackElo "1742"]
[PlyCount "95"]
[EventDate "2016.07.04"]
[EventType "swiss"]
[EventRounds "9"]
[EventCountry "ESP"]
[SourceTitle "EXT 2024"]
[Source "ChessBase"]
[SourceDate "2023.10.10"]
[SourceVersion "1"]
[SourceVersionDate "2023.10.10"]
[SourceQuality "1"]

1. d4 Nf6 2. Bg5 Ne4 3. Bf4 d5 4. e3 e6 5. Nf3 Nd7 6. Bd3 Ndf6 7. h3 Be7 8. 0-0 0-0 9. c4 dxc4 10. Bxc4 c5 11. Nbd2 b6 12. Rc1 Bb7 13. Nb3 Rc8 14. Qe2 cxd4 15. Nbxd4 Bc5 16. Rfd1 Qe7 17. Bh2 Rfd8 18. a3 Bd6 19. Bxd6 Nxd6 20. Ba2 Nfe4 21. Qe1 Rxc1 22. Rxc1 Nc5 23. Rd1 e5 24. Ne2 Bxf3 25. gxf3 Nf5 26. Kh2 Nh4 27. Ng1 Rxd1 28. Qxd1 Qg5 29. Qf1 Nd3 30. b4 Nc1 31. Bc4 b5 32. Bd5 h6 33. Kh1 Nd3 34. f4 Qxf4 35. exf4 Kh7 36. f5 Nxf5 37. Ne2 Nxf2+ 38. Kg2 Ne3+ 39. Kxf2 Nxd5 40. Kf3 Kg6 41. Nd4 Kf6 42. Nc6 a6 43. Nb8 Nc7 44. Ke4+ Ke6 45. Nc6 f5+ 46. Ke3 g5 47. Qxb5 Nxb5 48. Nd4+ 0-1

[Event "Llinars del Valles op-B 8th"]
[Site "Llinars del Valles"]
[Date "2015.04.11"]
[Round "1"]
[White "Pueyo Amoros, Pau"]
[Black "Villodres Rubio, Adrian"]
[Result "1-0"]
[WhiteElo "1896"]
[BlackElo "1775"]
[PlyCount "165"]
[EventDate "2015.04.11"]
[EventType "swiss"]
[EventRounds "9"]
[EventCountry "ESP"]
[SourceTitle "EXT 2016"]
[Source "ChessBase"]
[SourceDate "2015.10.08"]
[SourceVersion "1"]
[SourceVersionDate "2015.10.08"]
[SourceQuality "1"]

1. e4 c5 2. d4 cxd4 3. c3 dxc3 4. Nxc3 Nc6 5. Nf3 a6 6. Bc4 e6 7. Bg5 Be7 8. Bf4 Qb6 9. Qd2 Nf6 10. e5 Ng8 11. 0-0 Qa5 12. a3 b5 13. Bd3 Bb7 14. Rfd1 Rd8 15. b4 Qb6 16. Ne4 Nd4 17. Nxd4 Qxd4 18. Qe2 Qa7 19. Qg4 g6 20. Bg5 Bxe4 21. Bxe4 Bxg5 22. Qxg5 Ne7 23. Qf6 Rg8 24. Rd3 Rc8 25. Rf3 Rf8 26. h3 Qd4 27. Re1 Rc3 28. Bb7 Rxf3 29. Qxf3 Qb6 30. Ba8 a5 31. Qb7 Qxb7 32. Bxb7 axb4 33. axb4 Nf5 34. Ba6 Nd4 35. Re4 Nc6 36. Bxb5 Ke7 37. Ba4 Rb8 38. b5 Na7 39. Rb4 Nc8 40. f4 Nb6 41. Bb3 f6 42. Kf2 fxe5 43. fxe5 Nd5 44. Bxd5 exd5 45. Ke3 d6 46. exd6+ Kxd6 47. Kd4 h6 48. g3 h5 49. h4 Rb7 50. Rb3 Rb8 51. b6 Rb7 52. Rb2 Ke6 53. Rb5 Rb8 54. b7 Kd6 55. Rxd5+ Ke6 56. Rb5 Kf6 57. Ke4 Ke6 58. Rb6+ Kf7 59. Kd5 Ke7 60. Rxg6 Kd7 61. Rg7+ Kd8 62. Rg8+ Kc7 63. Rxb8 Kxb8 64. Ke5 Kxb7 65. Kf5 Kc6 66. Kg5 Kd5 67. Kxh5 Ke4 68. g4 Kf4 69. g5 Kf5 70. g6 Kf6 71. Kh6 Ke7 72. g7 Kf7 73. Kh7 Kf6 74. g8Q Kf5 75. Kh6 Kf4 76. Kh5 Kf5 77. Qg5+ Ke6 78. Kg6 Kd7 79. Qe3 Kd8 80. Kf7 Kd7 81. Qc5 Kd8 82. Ke6 Ke8 83. Qe7# 1-0